LEADER 01165nam a2200277 i 4500 001 000000120817 003 CaOOAMICUS 005 20151223000000.0 008 151223s2011 it u000 u ita u 013 $a93511 020 $a978-88-215-7072-8 040 $aSeMil$bita 100 1 $aLassausse, Jean-Marie.$0(OLS)http://semarc/name/50238 245 13$aIl giardiniere di Tibhirine /$cJean-Marie Lassausse con Christophe Henning. 260 $aCinisello Balsamo :$bSan Paolo,$c2011. 300 $a117 p. ;$c21 cm. 490 0 $aIl pozzo. 2. serie ;$v54 650 4$aMartiri cristiani - Algeria - Tibhirine.$0(OLS)http://semarc/subject/48644 700 1 $aHenning, Christophe.$0(OLS)http://semarc/name/50239 830 3$aIl pozzo. 2. serie ;$v54.$0(OLS)http://semarc/title/9787 850 $aSeMil 852 $aSeMil$W1$xVenegono$y1$m3G V 282$j75952$B75952$CSeMilBibl$Z2$F77429 $81 961 $aLascito: Milani don Felice 996 $6020$a978-88-215-7072-8$9(OLS)http://semarc/number/106147 996 $6245$aIl giardiniere di Tibhirine$9(OLS)http://semarc/title/177836 996 $6260$aCinisello Balsamo :$bSan Paolo$9(OLS)http://semarc/publisher/30129 LEADER 01065nam a2200253 i 4500 001 000000038475 003 CaOOAMICUS 005 20070625000000.0 008 931231s1976 gw u000 u ger u 013 $a9060 020 $a3-7720-1039-3 040 $aSeMil$bita 100 1 $aScheler, Max,$d<1874-1928>.$0(OLS)http://semarc/name/7920 245 10$aSpäte Schriften /$cMax Scheler ; mit einem Anhang hrsg. von Manfred S. Frings. 260 $aBern ; München :$bFrancke,$c1976. 300 $a384 p. ;$c24 cm. 700 1 $aFrings, Manfred S.$0(OLS)http://semarc/name/18246 773 0 $aScheler, Max <1874-1928>$tGesammelte Werke.$dBern ; München : Francke : [poi]... Bonn : Bouvier, 1971-1990.$gBd.9$w()17321 850 $aSeMil 852 $aSeMil$W1$xVenegono$y1$m2LL II 39$j270923$B4630$CSeMilBibl$Z2$F4630 $81 961 $aAcquisto: Altro 996 $6020$a3-7720-1039-3$9(OLS)http://semarc/number/7753 996 $6245$aSpäte Schriften$9(OLS)http://semarc/title/54313 996 $6260$aBern ; München :$bFrancke$9(OLS)http://semarc/publisher/34775